| 000 | 00443nam a2200181 4500 | ||
|---|---|---|---|
| 003 | DO-SdBNP | ||
| 005 | 20180216125848.0 | ||
| 008 | 161128b1999 sp||||| |||| 00| 0 spa d | ||
| 020 | _a8421635735 | ||
| 040 |
_aBPMSU _bspa _cBPMSU |
||
| 245 | _aEl pico de pipo | ||
| 250 | _a2 da. ed. | ||
| 260 |
_a22 p. _bBruño _c1999 |
||
| 300 |
_a22 p. _bil. _c16 cm |
||
| 942 |
_2ddc _cBK |
||
| 945 | _ainventariado, 2018 / dg | ||
| 956 |
_adgarcia _b10 |
||
| 999 |
_c12115 _d12115 |
||